000 00684nam a2200205 a 4500
001 000032223
003 OSt
005 20240301141636.0
008 110713s1941 dr 000 0 spa d
040 _aDO-SdBNP
_bspa
_cBNPHU
082 4 _aRD866.42
_bM896c
100 1 _a Moscoso Puello, F. E.,
_q (Francisco Eujenio)
_d1885-1959
_958361
245 1 0 _aCartas a Evelina /
_cF. E. Moscoso Puello.
260 _aCiudad Trujillo, República Dominicana :
_bMontalvo,
_c1941.
300 _a224 p. ;
_c21 cm.
650 4 _aCaratas dominicanas
_977118
651 4 _aRepública Dominicana
_xCaracterísticas nacionales
_91720
910 _aValidado. Control de calidad MFF
942 _2ddc
_cLBS1
999 _c31714
_d31714